00654nam a22001937a 450000500170000001000130001702000230003003500130005303700160006604000120008208200160009410000250011024500870013526000390022227000760026130000280033765000480036565000470041320170124110119.0 aA-944036 c195.00a8186190511 aA-944036 bCen Lib/Ret aDPLbEN a796.44bCHA aChakraborty, Samiran aActivities for children : cby Samiran Chakrabortybteaching gymnastics pyramids / aNew DelhibSports Publicatioc1998 bNew Delhia474, Ist Floor, Shiv Market, ashok Vihar, wazira pure110052 a114p. :c21cm(Hb)bill. aPyramids (Gymnastics) -- Study and teaching aPhysical education teachers -- Training of